00361nam a2200121Ia 4500008004100000082001500041100002000056245004200076260003100118365000600149630004200155730004200197100415s9999 xx 000 0 und d b12391a828 aStranger Joyce aA Dog Called Gelert and Other Stories aENGLANDc1973bCORGI BOOKS b0 aA Dog Called Gelert and Other Stories aA Dog Called Gelert and Other Stories